[Event "45th Olympiad 2024"]
[Site "Budapest HUN"]
[Date "2024.09.14"]
[Round "4.23"]
[Board "2"]
[White "Ragger, Markus"]
[Black "Annaberdiyev, Meylis"]
[Result "1/2-1/2"]
[WhiteElo "2601"]
[BlackElo "2431"]
[PlyCount "207"]
[EventDate "2024.09.11"]
[WhiteTeam "Austria"]
[BlackTeam "Turkmenistan"]
[WhiteTeamCountry "AUT"]
[BlackTeamCountry "TKM"]

1. d4 Nf6 2. c4 e6 3. Nc3 d5 4. cxd5 exd5 5. Bg5 c6 6. e3 Bd6 7. Bd3 O-O 8. Nge2 Re8 9. Qc2 h6 10. Bh4 a5 11. h3 Na6 12. a3 Nc7 13. O-O Ne6 14. Rad1 ({RR} 14. f4 g5 15. Bg3 g4 16. Bh4 gxh3 17. Ng3 Ng7 18. Rae1 Be7 19. f5 h2+ 20. Kh1 Ng4 21. f6 Nxf6 22. Bxf6 Bxf6 23. Qf2 Re6 24. e4 Qe7 25. exd5 Rxe1 26. Rxe1 Bxd4 27. Rxe7 Bxf2 28. Nge4 Bh4 {0-1 Salem,A (2675)-Carlsen,M (2872) Wch Blitz Moscow 2019 (3)}) 14... Ng5 15. f4 Ne6 ({RR} 15... Nxh3+ 16. gxh3 Rxe3 17. Bf5 Qe8 18. Bxf6 gxf6 19. Rf2 Kh8 20. Rg2 b5 21. Kh2 b4 22. Bxc8 Qxc8 23. Rd3 Qxh3+ 24. Kg1 Rxd3 {0-1 Daakshin,A (2274)-Dubnevych,M (2293) Titled Tue 4th Jun Early 2024 (6)}) 16. Ng3 $146 ({RR} 16. Kh1 Nf8 17. Qd2 Be7 18. Ng1 Nh5 19. Bf2 Bh4 20. Kh2 Bxf2 21. Qxf2 Nf6 22. Nf3 Bg4 23. Rde1 Bxf3 24. Qxf3 b5 25. g4 Qd6 26. Kg2 b4 27. Na4 bxa3 28. bxa3 Qxa3 29. Bc2 Ne4 30. Ra1 Qd6 {0-1 Yedidia,J (2360)-Annaberdiev,M (2458) Titled Tue 26th Dec Late 2023 (1)}) ({RR} 16. e4 dxe4 17. Nxe4 Be7 18. Bf2 Nd5 19. Qc1 Qc7 20. Kh1 Ndxf4 21. Nxf4 Qxf4 22. Be3 Qh4 23. Bb1 Nf8 24. Qc2 Be6 25. Rf4 Qh5 26. Rdf1 Bd5 27. Ng3 Qxh3+ 28. Kg1 Qxg3 29. Bc1 Bg5 30. R4f2 Be3 {0-1 Peycheva,G (2287)-Annaberdiev,M (2471) Titled Tue 24th Oct Late 2023 (5)}) ({RR} 16. e4 dxe4 17. Nxe4 Be7 18. Bf2 Nd5 19. f5 Ng5 20. N4c3 Nf6 21. Bg3 Bd6 22. h4 Ngh7 23. Bc4 Bxg3 24. Nxg3 Qc7 25. Nce4 Bd7 26. Rde1 Rad8 27. Qb3 Bc8 28. Qc3 Qb6 29. Nc5 Qc7 30. Nge4 b6 {½-½ Nielsen-Refs,K (1810)-Gregor,B (2158) Obro x CXU New Year 2023 (6.8)}) 16... Nf8 17. e4 dxe4 18. Ngxe4 Be7 19. Bxf6 Bxf6 20. Nxf6+ Qxf6 21. d5 Bd7 22. Ne4 Qh4 23. Nd6 Re3 24. dxc6 bxc6 25. Bf5 Re7 26. Bxd7 Rxd7 27. Qxc6 Rb8 28. Nf5 Qd8 29. Rxd7 Qxd7 30. Qxd7 Nxd7 31. Rd1 Nc5 32. Ne7+ Kh7 33. Rd5 Ne6 34. f5 Nf4 35. Rd2 Rb5 36. Kf2 Rb3 37. Nc6 Nd3+ 38. Ke2 Nxb2 39. Nd4 Rb7 40. Rc2 Re7+ 41. Kd2 Rd7 42. Kc3 Na4+ 43. Kd3 Nb6 44. Rc5 a4 45. Ra5 h5 46. g4 hxg4 47. hxg4 g5 48. fxg6+ Kxg6 49. Ke4 Re7+ 50. Kf4 Rd7 51. Nf5 Rd3 52. Ra6 Rb3 53. Nd4 Rb1 54. Nf3 Kg7 55. Nd4 Kg6 56. Ra5 Rf1+ 57. Kg3 Rd1 58. Nf3 Rd3 59. Ra6 Rb3 60. Kf4 Kg7 61. Nd4 Rb1 62. Kg5 f6+ 63. Kf4 Rf1+ 64. Kg3 Rg1+ 65. Kf2 Rb1 66. Ra7+ Kg6 67. Kg3 Rg1+ 68. Kf3 Rf1+ 69. Kg3 Rg1+ 70. Kh3 Rh1+ 71. Kg3 Rg1+ 72. Kf4 Rf1+ 73. Nf3 Rh1 74. Kg3 Rh7 75. Nh4+ Kh6 76. Nf5+ Kg6 77. Nh4+ Kh6 78. Nf5+ Kg6 79. Ra6 Rb7 80. Kh4 Rh7+ 81. Kg3 Rb7 82. Ra5 Rc7 83. Ra6 Rb7 84. Nd6 Rb8 85. Ne4 Nd5 86. Rxa4 Rb3+ 87. Kf2 Nc3 88. Nxc3 Rxc3 89. Ra5 Rb3 90. Kg2 Rc3 91. Kh2 Rb3 92. Kg2 Rc3 93. Kf2 Rb3 94. a4 Ra3 95. Ke2 Rg3 96. Ra8 Kg7 97. a5 Rxg4 98. a6 Ra4 99. Kd3 f5 100. Ke3 Kh7 101. Kf3 Kg7 102. a7 Kh7 103. Rf8 Rxa7 104. Rxf5 1/2-1/2

[Event "45th Olympiad 2024"]
[Site "Budapest HUN"]
[Date "2024.09.14"]
[Round "4.24"]
[Board "1"]
[White "Zambrana, Osvaldo"]
[Black "Peralta, Fernando"]
[Result "0-1"]
[WhiteElo "2405"]
[BlackElo "2558"]
[PlyCount "54"]
[EventDate "2024.09.11"]
[WhiteTeam "Bolivia"]
[BlackTeam "Argentina"]
[WhiteTeamCountry "BOL"]
[BlackTeamCountry "ARG"]

1. e4 e6 2. d4 d5 3. Nd2 c5 4. Ngf3 cxd4 5. exd5 Qxd5 6. Bc4 Qd8 7. O-O Nc6 8. Nb3 a6 9. Nbxd4 Nxd4 10. Nxd4 Qc7 11. Qe2 ({RR} 11. Bb3 Bd6 12. Qh5 Nf6 13. Qh4 Bd7 14. Bg5 O-O-O 15. Rad1 h6 16. Bxf6 gxf6 17. Rd3 Kb8 18. Rfd1 Be5 19. c3 Rdg8 20. Qh5 Rg5 21. Qh3 Rgg8 22. Qh5 Rg5 23. Qh3 Rgg8 24. Qh5 Rg5 {½-½ Navara,D (2737)-Harikrishna,P (2737) Biel GM 50th 2017 (7)}) ({RR} 11. Bb3 Bd6 12. Nf3 Ne7 13. Qe2 O-O 14. Re1 b6 15. c3 Bb7 16. h3 Ng6 17. Bc2 Nf4 18. Bxf4 Bxf4 19. Be4 Rfd8 20. Red1 g6 21. Bxb7 Qxb7 22. g3 Bh6 23. Rd3 Rxd3 24. Qxd3 Bg7 25. Rd1 Bf6 {½-½ Paveto,K (2451)-Peralta,F (2573) ARG-ch 95th Villa Martelli 2021 (11)}) 11... Bd6 12. Kh1 ({RR} 12. h3 Ne7 13. c3 O-O 14. Bd3 Ng6 15. Qh5 b5 16. f4 f5 17. Qg5 Rf6 18. h4 Bb7 19. h5 Nf8 20. Bd2 Qf7 21. Rae1 Rh6 22. Be2 Nd7 23. Bd1 Nc5 24. Nf3 Ne4 25. Rxe4 Bxe4 26. Ne5 Qc7 {1-0 Kubicka,A (2292)-Zhukova,N (2302) WSCC Speed Play-In 3 2024 (10)}) 12... Ne7 13. Bb3 $146 ({RR} 13. a4 O-O 14. c3 Ng6 15. Bd3 Bc5 16. Be3 e5 17. Nc2 Be6 18. Bxg6 hxg6 19. Bxc5 Qxc5 20. Rfe1 Bb3 21. Ra3 Bc4 22. Qe3 Qc6 23. b3 Bd5 24. f3 Rfe8 25. Nb4 Qe6 26. c4 Bc6 27. Raa1 {½-½ Antal,G (2517)-Gupta,A (2626) Zalakaros op 36th 2017 (4)}) ({RR} 13. b3 O-O 14. Bb2 Ng6 15. a4 Bd7 16. Rad1 Rad8 17. Rfe1 Kh8 18. g3 Bb4 19. c3 Bc5 20. Bd3 Bxd4 21. cxd4 Bc6+ 22. Kg1 Qd6 23. Qc2 Bd5 24. Rc1 Rd7 25. Bc3 Ne7 26. b4 Rc8 27. Qb2 Rdc7 {½-½ Asgarizadeh,M (2147)-Pham,L (2331) Olympiad Women-41 2014 (8.4)}) 13... O-O 14. Nf3 b5 15. Ng5 Bb7 16. Qd3 Ng6 17. h4 Bf4 18. Rg1 Rad8 19. Qh3 Bxc1 20. Raxc1 Rd4 21. h5 Rh4 22. hxg6 Qf4 23. gxf7+ Rxf7 24. Bxe6 Qxg5 25. f3 Rxh3+ 26. Bxh3 Rxf3 27. Be6+ Rf7 0-1

[Event "45th Olympiad 2024"]
[Site "Budapest HUN"]
[Date "2024.09.14"]
[Round "4.24"]
[Board "3"]
[White "Ticona Rocabado, Licael Roderick"]
[Black "Flores, Diego"]
[Result "0-1"]
[WhiteElo "2321"]
[BlackElo "2546"]
[PlyCount "154"]
[EventDate "2024.09.11"]
[WhiteTeam "Bolivia"]
[BlackTeam "Argentina"]
[WhiteTeamCountry "BOL"]
[BlackTeamCountry "ARG"]

1. d4 Nf6 2. c4 c5 3. Nf3 cxd4 4. Nxd4 b6 5. Nc3 Bb7 6. Bg5 Nc6 ({RR} 6... h6 7. Bxf6 gxf6 8. Qd2 Nc6 9. O-O-O Nxd4 10. Qxd4 Qc7 11. e3 O-O-O 12. Nb5 Qb8 13. Kb1 a6 14. Qxb6 Be4+ 15. Bd3 Bxd3+ 16. Rxd3 Qxb6 17. Nd4 e6 18. Rc1 Bc5 19. Nb3 Kc7 20. Rc2 Rb8 21. Nd2 {0-1 Perossa,N (2216)-Adithya A Chullikkad (2215) Titled Tue 7th May Early 2024 (5)}) 7. e4 ({RR} 7. e3 a6 8. Be2 e6 9. O-O Be7 10. Rc1 O-O 11. Bh4 Ne5 12. f4 Ng6 13. Bg3 Ne4 14. Nxe4 Bxe4 15. Bd3 Bxd3 16. Qxd3 f5 17. Rcd1 Qc7 18. b3 Qb7 19. a4 Nh8 20. Nf3 Rfd8 21. Bh4 Bxh4 {½-½ McShane,L (2682)-Delgado Ramirez,N (2615) FIDE World Cup 2019 (1.1)}) 7... Qb8 8. f3 $146 ({RR} 8. Be2 e6 9. O-O Bb4 10. Bxf6 gxf6 11. a3 Bd6 12. h3 Rg8 13. Ndb5 Be7 14. Qd2 a6 15. Nd4 f5 16. Nxc6 Bxc6 17. Bf3 Qe5 18. Rad1 O-O-O 19. b4 Bf6 20. b5 Qxc3 21. Qxc3 Bxc3 22. bxc6 fxe4 {½-½ Dimitrijeski,K (2160)-Virnik,E Berlin-ch U20 1996}) ({RR} 8. Nxc6 Bxc6 9. Bd3 e6 10. Qe2 Bd6 11. Nd5 Nxd5 12. exd5 Bb7 13. O-O-O Bf4+ 14. Bxf4 Qxf4+ 15. Kb1 O-O 16. g3 Qf6 17. Be4 exd5 18. Bxd5 Rae8 19. Qc2 Bxd5 20. Rxd5 Qf3 21. Rhd1 Re2 22. Rf5 Qg4 {0-1 Johansen,D (2494)-Ftacnik,L (2579) Gold Coast Parkroyal op 2000 (7)}) ({RR} 8. Nxc6 Bxc6 9. Bd3 e6 10. Qe2 Bd6 11. Nd5 Bxd5 12. exd5 Qc7 13. g3 Bb4+ 14. Kf1 h6 15. Bxf6 gxf6 16. Qf3 Ke7 17. Kg2 Bd6 18. Rhe1 h5 19. Re4 h4 20. Rae1 Rag8 21. Rg4 Rxg4 22. Qxg4 Kf8 {½-½ Markos,J (2467)-Velicka,P (2435) CZE-chT 0203 2002 (6)}) 8... e6 9. Be3 Bc5 10. Be2 O-O 11. Nxc6 Bxc6 12. Qd2 Rd8 13. O-O Qf4 14. Nd1 d5 15. exd5 exd5 16. Rf2 Bxe3 17. Qxe3 Qd6 18. cxd5 Nxd5 19. Qd4 Qh6 20. Bf1 Nf4 21. Qb4 Qh4 22. a3 Qg5 23. Kh1 h5 24. Nc3 h4 25. Ne4 Qh6 26. Rd2 h3 27. g3 Qh5 28. Qc3 Bxe4 29. fxe4 Ne6 30. Re1 Rxd2 31. Qxd2 Rd8 32. Qc2 Ng5 33. Be2 Qg6 34. Bg4 Qf6 35. e5 Qe7 36. Qf2 g6 37. Kg1 Rd5 38. Qf4 f5 39. Be2 Ne4 40. Bf1 Qc5+ 41. Qe3 Qxe3+ 42. Rxe3 Rd1 43. Rd3 Nd2 44. Kf2 Rxf1+ 45. Ke2 Rh1 46. Kxd2 Rxh2+ 47. Ke3 Rxb2 48. e6 Kf8 49. Rd7 Rb1 50. Rh7 Re1+ 51. Kf2 Rxe6 52. Rxa7 g5 53. g4 fxg4 54. Rh7 Re4 55. Rh6 Kg7 56. Rxb6 Re1 57. Rb7+ Kg6 58. Rb6+ Kh5 59. Rb8 Ra1 60. Rh8+ Kg6 61. Kg3 Rg1+ 62. Kh2 Rg2+ 63. Kh1 Ra2 64. a4 Kf5 65. Rf8+ Ke4 66. Re8+ Kf3 67. Rf8+ Kg3 68. Rf1 Kh4 69. Rb1 g3 70. Rb4+ g4 71. Rb1 g2+ 72. Kg1 g3 73. Rb4+ Kg5 74. Rb5+ Kf6 75. Rb6+ Ke7 76. Re6+ Kxe6 77. a5 h2# 0-1

[Event "45th Olympiad 2024"]
[Site "Budapest HUN"]
[Date "2024.09.14"]
[Round "4.24"]
[Board "4"]
[White "Sosa, Tomas ARG"]
[Black "Pinto, Daniel"]
[Result "1-0"]
[WhiteElo "2515"]
[BlackElo "2273"]
[PlyCount "89"]
[EventDate "2024.09.11"]
[WhiteTeam "Argentina"]
[BlackTeam "Bolivia"]
[WhiteTeamCountry "ARG"]
[BlackTeamCountry "BOL"]

1. e4 c6 2. d4 d5 3. exd5 cxd5 4. Bd3 Nc6 5. c3 Qc7 6. Ne2 e6 7. Nd2 ({RR} 7. Bf4 Bd6 8. Bg3 Nge7 9. O-O h5 10. Na3 a6 11. Qd2 h4 12. Bxd6 Qxd6 13. Qg5 Kf8 14. h3 f6 15. Qe3 Kf7 16. f4 Bd7 17. Nc2 Nf5 18. Qf2 Nce7 19. Ne3 Nxe3 20. Qxe3 Bb5 21. Nc1 Nf5 {0-1 Henriquez Villagra,C (2522)-Li,C (2699) PRO League KO Stage rapid 2019 (2)}) 7... Bd6 8. Nf3 Nf6 $146 ({RR} 8... Bd7 9. O-O Rc8 10. Qc2 Nb4 11. cxb4 Qxc2 12. Bxc2 Rxc2 13. Nc3 Bxb4 14. Ne1 Rxc3 15. bxc3 Bxc3 16. Rb1 Bc6 17. Nf3 f6 18. Ba3 Ne7 19. Rfc1 Ba5 20. Bc5 a6 21. Bb6 Bxb6 22. Rxb6 O-O 23. Re1 {½-½ Mueller,D (1893)-Elbeshausen,R (2085) Luxembourg-chT 1213 2012 (10)}) ({RR} 8... Nge7 9. O-O f6 10. c4 dxc4 11. Bxc4 Nd5 12. Nc3 Nxc3 13. bxc3 Ne7 14. Qb3 O-O 15. Bxe6+ Kh8 16. Bb2 Ng6 17. Bxc8 Raxc8 18. g3 Qd7 19. Rfe1 Qh3 20. Qe6 Qh5 21. Kg2 Rfd8 22. c4 Bb4 23. Re4 {0-1 Goncalves,S (2206)-Kokoszczynski,J (2314) Titled Tue 28th May Late 2024 (11)}) ({RR} 8... h6 9. Bc2 Bd7 10. O-O Nf6 11. Ng3 b5 12. a3 O-O 13. Re1 a5 14. Qd3 Rfb8 15. Bd2 b4 16. axb4 axb4 17. Nh5 Ne4 18. c4 Rxa1 19. Rxa1 b3 20. Bb1 Nb4 21. Bxb4 Bxb4 22. Ne5 f5 23. Qd1 {½-½ Duijn,R (2295)-Versteeg,H NED-chT 9697 1996}) ({RR} 8... Nge7 9. Qc2 Bd7 10. O-O a6 11. Re1 Rc8 12. a3 Na5 13. Bg5 Bb5 14. Bxb5+ axb5 15. Bxe7 Bxe7 16. Nc1 O-O 17. Nd3 Bd6 18. Re2 h6 19. Rae1 Nc4 20. g3 Qa5 21. Nfe5 Nxe5 22. Nxe5 Bxe5 23. Rxe5 {½-½ Garrido Fernandez,D (2183)-Dominguez Pons,E (2363) Catalunya-chT Gp1 final 2016 (4.3)}) 9. Ng3 Ne7 10. Qe2 Ng6 11. Nf5 Bf4 12. Bb5+ Kf8 13. Ne3 a6 14. Bd3 Bd6 15. g3 b6 16. h4 Ne7 17. Ng2 h5 18. Bf4 Bxf4 19. Nxf4 g6 20. Ne5 Kg7 21. O-O Qd6 22. Rae1 Nf5 23. Kh2 a5 24. f3 Ra7 25. Qd2 Ba6 26. Bxa6 Rxa6 27. Nexg6 fxg6 28. Rxe6 Qb8 29. Qe2 Qc8 30. Qe5 Rf8 31. g4 hxg4 32. fxg4 Nh6 33. Rg1 Kh7 34. Qg5 Nfg8 35. Qxg6+ Kh8 36. Qg5 Qb8 37. Rxh6+ Nxh6 38. Qxh6+ Kg8 39. Qg5+ Kh7 40. Qh5+ Kg7 41. Qg6+ Kh8 42. Rf1 Ra7 43. Kg2 Raf7 44. Ne6 Qe8 45. Rf5 1-0

[Event "45th Olympiad 2024"]
[Site "Budapest HUN"]
[Date "2024.09.14"]
[Round "4.25"]
[Board "2"]
[White "Al Hosani, Omran"]
[Black "Macovei, Andrei"]
[Result "1/2-1/2"]
[WhiteElo "2241"]
[BlackElo "2464"]
[PlyCount "88"]
[EventDate "2024.09.11"]
[WhiteTeam "United Arab Emirates"]
[BlackTeam "Moldova"]
[WhiteTeamCountry "UAE"]
[BlackTeamCountry "MDA"]

1. d4 Nf6 2. c4 e6 3. Nf3 b6 4. g3 Ba6 5. Qc2 c5 6. Bg2 Bb7 7. O-O cxd4 8. Nxd4 Bxg2 9. Kxg2 Be7 ({RR} 9... Bc5 10. Rd1 Bxd4 11. Rxd4 Nc6 12. Rd1 Rc8 13. Nc3 O-O 14. e4 d5 15. exd5 exd5 16. cxd5 Ne5 17. Bf4 Re8 18. Qf5 Nc4 19. d6 Rc5 20. Nd5 Qa8 21. d7 Rd8 22. b3 Nxd5 23. Rxd5 Rxd5 24. Qe4 {0-1 Matlakov,M (2685)-Fedoseev,V (2678) PNWCC Online blitz JP 9th 2020 (5)}) 10. e4 ({RR} 10. b3 O-O 11. Ba3 a6 12. Bxe7 Qxe7 13. Nc3 d6 14. Rfd1 Rd8 15. Rac1 Qc7 16. Kg1 Nbd7 17. Ne4 Rac8 18. Nxf6+ Nxf6 19. b4 Qb7 20. Qb1 Rd7 21. b5 Rc5 22. bxa6 Qxa6 23. Nb5 Rc6 24. Rd3 g6 {0-1 Biyiksiz,A (2112)-Yarar,B (2373) TCh-TUR Super League 2024 (1.18)}) 10... Qc7 11. b3 $146 ({RR} 11. Qe2 d6 12. Nc3 O-O 13. b3 Nbd7 14. Bb2 Rfe8 15. Rfe1 a6 16. f4 Qb7 17. Qf3 h5 18. Rad1 Qc7 19. Re2 Rac8 20. Red2 Red8 21. Qe2 Qb7 22. Nf3 Nc5 23. Ng5 Nfxe4 24. Ngxe4 f5 25. Qxh5 fxe4 {0-1 Metreveli,L (1655)-Kokaia,G (2101) GEO-chT Club 2016 (3.2)}) 11... O-O 12. Bb2 Nc6 13. Nf3 Rfd8 14. Nc3 Rac8 15. Rfd1 a6 16. Qe2 d6 17. Rac1 Qb7 18. Nd4 Nxd4 19. Rxd4 Nd7 20. Rcd1 Nc5 21. f3 h6 22. R4d2 Rb8 23. Ba3 Rdc8 24. Na4 Nxa4 25. bxa4 Qc6 26. Bxd6 Bxd6 27. Rxd6 Qxa4 28. Rc1 Rc6 29. Rxc6 Qxc6 30. Rb1 Rd8 31. Qf2 Rd6 32. e5 Rd3 33. Rxb6 Qxc4 34. Qe2 Qc3 35. Rb8+ Kh7 36. Qe4+ g6 37. Qb7 Kg7 38. Qe7 Rd2+ 39. Kh3 Rxh2+ 40. Kxh2 Qc2+ 41. Kg1 Qc1+ 42. Kg2 Qc2+ 43. Kh3 Qf5+ 44. Kg2 Qc2+ 1/2-1/2

[Event "45th Olympiad 2024"]
[Site "Budapest HUN"]
[Date "2024.09.14"]
[Round "4.26"]
[Board "2"]
[White "Berdayes Ason, Dylan Isidro"]
[Black "Valdes Romero, Leonardo"]
[Result "0-1"]
[WhiteElo "2474"]
[BlackElo "2347"]
[PlyCount "96"]
[EventDate "2024.09.11"]
[WhiteTeam "Cuba"]
[BlackTeam "Costa Rica"]
[WhiteTeamCountry "CUB"]
[BlackTeamCountry "CRI"]

1. d4 Nf6 2. c4 e6 3. Nc3 d5 4. cxd5 exd5 5. Bg5 c6 6. e3 Bd6 7. Bd3 O-O 8. Nf3 Re8 ({RR} 8... Be6 9. Ne5 c5 10. O-O Nc6 11. Nxc6 bxc6 12. dxc5 Bxc5 13. Rc1 h6 14. Bh4 Rc8 15. Na4 Bd6 16. Nc5 Bxc5 17. Rxc5 Qb6 18. Qc1 Nd7 19. Rc3 c5 20. Rd1 Rfe8 21. Bg3 Nf6 22. h3 d4 23. exd4 {½-½ Ding,L (2808)-Xiong,J (2690) Chess.com Rapid Winners 2022 (1.3)}) 9. O-O Bg4 10. Qb3 Na6 ({RR} 10... b6 11. Qc2 h6 12. Bh4 Nbd7 13. Nd2 Bh5 14. Rae1 Qc7 15. Bg3 Bxg3 16. hxg3 Qd6 17. Rc1 c5 18. dxc5 bxc5 19. Bf5 a6 20. Na4 c4 21. b3 cxb3 22. Nxb3 Ne5 23. Nd4 Nc4 24. Nb2 Nxb2 25. Qxb2 {1-0 Berdayes Ason,D (2507)-Ayala Delgado,S (2066) 10th Velez Int Open 2023 (1.1)}) 11. Rfe1 $146 ({RR} 11. Rac1 Qd7 12. Nd2 Nh5 13. Bh4 Nc7 14. Rfe1 Rab8 15. Qc2 h6 16. f3 Be6 17. f4 Be7 18. Bf2 f5 19. Nf3 Nf6 20. Ne5 Qc8 21. Bh4 Ne4 22. Bxe7 Rxe7 23. b4 a6 24. a4 Ne8 25. Qb2 N8d6 {1-0 Berkes,F (2622)-Szpar,M (2477) TCh-POL Ekstraliga 2023 (8.5)}) ({RR} 11. Nd2 Nb4 12. Bb1 Rb8 13. a3 Na6 14. e4 h6 15. Bh4 Bf4 16. e5 Bxd2 17. exf6 Bg5 18. Bxg5 hxg5 19. fxg7 Kxg7 20. Qc2 Rh8 21. Qd2 Nc7 22. f4 Qd6 23. h3 Bxh3 24. gxh3 Rxh3 25. Qg2 Rbh8 {½-½ Bluebaum,M (2647)-Dubov,D (2701) Chess.com Speed KO Lose 2024 (1.3)}) ({RR} 11. a3 Rb8 12. Ne5 Bxe5 13. dxe5 Rxe5 14. Bf4 Nc5 15. Qc2 Rh5 16. Bxb8 Qxb8 17. f4 Qd8 18. b4 Nxd3 19. Qxd3 Bf5 20. Qd4 b6 21. Rae1 Qe7 22. Qe5 Qd8 23. Qd4 Ne4 24. Nxe4 Bxe4 25. f5 Qh4 {½-½ So,W (2778)-Shankland,S (2704) Berlin FIDE GP 3 Pool-C playoff 2022 (2)}) 11... Qd7 12. Bxf6 Bxf3 13. Bh4 Bh5 14. Bxa6 bxa6 15. Bg3 Re6 16. Na4 Rae8 17. Bxd6 Qxd6 18. Nc5 Rh6 19. e4 dxe4 20. Nxe4 Rhe6 21. f3 Qxd4+ 22. Kh1 Bg6 23. Red1 Qe5 24. h3 Bxe4 25. fxe4 Qxe4 26. Rac1 h5 27. Qd3 Qe5 28. b3 Qb2 29. Rb1 Qxa2 30. Ra1 Qf2 31. Qxa6 Rg6 32. Rg1 Re2 33. Raf1 Qe3 34. Qc8+ Qe8 35. Qc7 Qe6 36. Qb8+ Kh7 37. Qf4 Qxb3 38. Qf5 Qd5 39. Qxd5 cxd5 40. Rxf7 Rd6 41. Rxa7 d4 42. Ra5 Kh6 43. h4 Re4 44. g3 Re2 45. Rg2 d3 46. Ra1 Rxg2 47. Kxg2 d2 48. Rd1 Kg6 0-1

[Event "45th Olympiad 2024"]
[Site "Budapest HUN"]
[Date "2024.09.14"]
[Round "4.27"]
[Board "1"]
[White "Xie, Felix"]
[Black "Kuybokarov, Temur"]
[Result "1-0"]
[WhiteElo "2320"]
[BlackElo "2562"]
[PlyCount "61"]
[EventDate "2024.09.11"]
[WhiteTeam "New Zealand"]
[BlackTeam "Australia"]
[WhiteTeamCountry "NZL"]
[BlackTeamCountry "AUS"]

1. e4 e5 2. Nf3 Nc6 3. Nc3 Nf6 4. h3 g6 5. Bc4 Bg7 6. d3 d6 7. a4 ({RR} 7. a3 O-O 8. Be3 Nd7 9. Qd2 Nb6 10. Ba2 Nd4 11. Bxd4 exd4 12. Ne2 d5 13. exd5 Nxd5 14. O-O c5 15. Ng3 b6 16. Rae1 Bb7 17. Re2 Qb8 18. Ne4 Nf4 19. Ree1 Qc7 20. h4 Rae8 21. Neg5 Rxe1 {0-1 Martinez Alcantara,J (2607)-Vachier Lagrave,M (2736) Titled Tue 7th Mar Late 2023 (9)}) 7... O-O 8. O-O h6 9. Re1 $146 ({RR} 9. Be3 Kh7 10. Qd2 Nh5 11. g4 Nf4 12. Bxf4 exf4 13. Qxf4 Ne5 14. Nxe5 dxe5 15. Qe3 c6 16. Ne2 Qe7 17. c3 Bd7 18. Rae1 a6 19. a5 Rae8 20. b4 Bf6 21. f4 exf4 22. Qxf4 Bg5 23. Qg3 Bh4 {0-1 Sirosh,I (2402)-Mekhitarian,K (2569) Titled Tuesday intern op 24th May Late blitz 2022 (6)}) ({RR} 9. Be3 Kh7 10. Qd2 Na5 11. Ba2 c5 12. Nh2 Nc6 13. f4 exf4 14. Bxf4 Nh5 15. Be3 Ne5 16. Nd5 f5 17. exf5 gxf5 18. Nf4 Nxf4 19. Bxf4 Ng6 20. c3 Bd7 21. Bxd6 Rf6 22. Bxc5 Bxa4 23. Bd4 Rf8 {1-0 Kilic,E (2429)-Venkatesh,M (2382) Titled Tue 23rd Apr Early 2024 (1)}) ({RR} 9. a5 a6 10. Be3 Kh7 11. d4 Nxe4 12. Nxe4 d5 13. Bxh6 dxe4 14. Bxg7 Kxg7 15. Nxe5 Qxd4 16. Qxd4 Nxd4 17. c3 Nf5 18. Bd5 Nd6 19. Nc4 c6 20. Nxd6 cxd5 21. Nxc8 Raxc8 22. Rfd1 Rc5 23. Rd4 Rb5 {0-1 Korchmar,V (2450)-Sjugirov,S (2663) Titled Tuesday intern op 23rd Nov blitz 2021 (3)}) 9... Na5 10. Ba2 c5 11. Nd5 Nc6 12. Ne3 Kh8 13. c3 Nh7 14. Nd5 Be6 15. Bd2 Qd7 16. Kh2 f5 17. b4 Qf7 18. b5 Nd8 19. Nh4 Bf6 20. exf5 gxf5 21. Nxf6 Qxf6 22. Qh5 Kg7 23. d4 Bd7 24. dxe5 dxe5 25. g3 Nf7 26. Bd5 Nd6 27. Rxe5 Ng5 28. Re7+ Qxe7 29. Qg6+ Kh8 30. Qxh6+ Qh7 31. Ng6# 1-0